| 000 | 01193nam a2200337Ia 4500 | ||
|---|---|---|---|
| 003 | OSt | ||
| 005 | 20221007123457.0 | ||
| 006 | a|||||r|||| 00| 0 | ||
| 007 | ta | ||
| 008 | 221006b |||||||| |||| 00| 0 eng d | ||
| 020 |
_a053439566X (pbk) _c _ 58.95 |
||
| 024 | _a11759 | ||
| 037 |
_bMinika, _cTextual |
||
| 040 |
_aPAPL _cPAPL _beng |
||
| 041 |
_2eng _aeng |
||
| 082 | _aB96, P4 | ||
| 100 |
_aFraknoi Andrew _9717269 |
||
| 245 | 0 |
_aVoyages to the stars and galaxies by Andrew Fraknoi and others _b Morrison David Wolff Sidney |
|
| 250 | _aEd 3 | ||
| 260 |
_aAustralia _bThomson _c2004 |
||
| 300 |
_axvi,573p _ccm. |
||
| 490 | _vInclude CD-ROM | ||
| 500 | _aAppendix 1-15, 522-559p; Index 562-573p; ^n23/CSL/CARPA/2003-2004/1305(B)^d2004-02-17^mPurchase; ; 2003-04/963^b2004-03-24^c617^d2004-03-20^eRs.9,353.00^fMonika Book Distributors; ; 2004-04-30^bSB^c2004-04-30^dVinay | ||
| 650 | _a Astronomy | ||
| 650 |
_a Star _9713495 |
||
| 650 | _aMathematics | ||
| 700 |
_a Morrison David _9717270 |
||
| 700 |
_a Wolff Sidney _9717271 |
||
| 942 |
_hB96, P4 _cTEXL _2CC |
||
| 999 |
_c1211951 _d1211951 |
||